00997nam a2200229 i 450000100060000000300090000600500170001500700030003200800410003510000420007624500960011825000160021426000730023030000220030350000710032551000230039660000370041985201530045694200200060999900170062995201210064692318ES-MaACL20250627191010.0t|050224s1950 mx ||||1| spa d1 aLida de Malkiel, María Rosa.97221010aJuan de Mena b: poeta del Prerrenacimiento Español / cpor María Rosa Lida de Malkiel. a[1ª. ed.]. aMéxico : bEl Colegio de México, c1950 (eGráf. Panamericana) a589 p. ; c24 cm. aEs publicación de la Nueva Revista de Filología Hispánica I. aCCPB,c000952637-414aMena, Juan de,d1411-1456980047 aES-MaACLjD-6515 bR.31210bR.M.6106995689cSVIfSello en tinta azul de la Biblioteca del Ateneo de MadridxEncuadernación holandesa en tela roja 2udccMONOGRAFIA c92318d92318 00104070aATENEOMbATENEOMcSVId2008-01-17eSCl0oD-6515p901096382r2023-02-23 00:00:00w2023-02-23yMONOGRAFIA